Highest Peaks in the World's Largest Mountain Ranges Quiz - Statistics

General Stats
  • This quiz has been taken 79 times
  • The average score is 7 of 26
Answer Stats
Mountain Range Highest Peak % Correct
Himalayas Mount Everest
98%
Alps Mont Blanc
89%
Karakoram K2
81%
Andes Aconcagua
79%
Caucasus Mountains Mount Elbrus
76%
Zagros Mountains Dena
54%
Sierra Nevada Mount Whitney
41%
Great Dividing Range Mount Kosciuszko
35%
Rocky Mountains Mount Elbert
32%
Appalachian Mountains Mount Mitchell
27%
Pyrenees Aneto
19%
Atlas Mountains Toubkal
17%
Rwenzori Mountains Mount Stanley
13%
Scandinavian Mountains Galdhopiggen
10%
Hindu Kush Tirich Mir
6%
Western Ghats Anamudi
5%
Eastern Ghats Arma Konda
5%
Altai Mountains Belukha
5%
Taurus Mountains Demirkazik
5%
Tien Shan Jengish Chokusu
5%
Ural Mountains Mount Narodnaya
5%
MacDonnell Ranges Mount Zeil
5%
Drakensberg Mountains Mafadi
3%
Western Sierra Madre Mount Mohinora
3%
Southern Sierra Madre Mount Nube
3%
Eastern Sierra Madre Mount Silla
3%
No matching quizzes found
Score Distribution
Percent of People with Each Score
Percentile by Number Answered
Your Score History
You have not taken this quiz